000 01175nam a2200265Ia 4500
003 OSt
005 20221005105008.0
006 a|||||r|||| 00| 0
007 ta
008 221004b |||||||| |||| 00| 0 urd d
020 _a97185999623 (hbk)
_c150
024 _a97127
037 _b427, 24/03/2009, Swaraj Prakashan
_cTextual
040 _aCRL
_cCRL
_burd
041 _2urd
_aurd
082 _aO168,3N07x, 152P8
100 _aस्वदेश कुमार, हस्ती
245 0 _aयमराज की पहाड़ी तथा अन्य रचनाएॅं, अनु0 कुलभूषण हस्ती
246 _aYamarāj kī pahāड़ī tathā anya rachanāeॅan, anu kulabhūṣhaṇ hastī
260 _aदिल्ली
_bस्वराज प्रकाशन भारत
_c2008
300 _a87पृ0
_ccm.
700 _a कुलभूषण, हस्ती, संपा.
942 _hO168,3N07x, 152P8
_cTEXL
_2cc
999 _c1014418
_d1014418